000 00779nam a2200241 i 4500
001 bg
100 1 _aMEISELS, Wojciech.
245 1 0 _aPodręczny słownik włosko-polski. /
_cWojciech Meisels
_nT. 1,
_pA-L.
246 1 1 _aDizionario pratico italiano-polacco
250 _a[Wyd. 6 /
_boprac. wyd. rozsz. Hanna Cieśla et al.].
260 _aWarszawa :
_b"Wiedza Powszechna",
_c1996.
300 _a809 s. ;
_c21 cm.
500 _aTyt. równol. : Dizionario pratico italiano-polacco.
650 4 _aSłowniki włosko-polskie
700 1 _aCIEŚLA, Hanna.
_eOprac.
020 _a8321410928 (2 t.)
040 _cBPK
041 0 _apl
_hit
080 _a811.131.1::811.162.1]'374
920 _a83-214-1092-8 (2 t.)
942 _cKS
008 s pl f |000 0 pol
999 _c34348
_d34348